| 000 | 00834nam a22002537a 4500 | ||
|---|---|---|---|
| 005 | 20170123162328.0 | ||
| 010 | _aB-012653 | ||
| 020 | _c120.00 | ||
| 035 | _aB-012653 | ||
| 037 | _bCen Lib/Ret | ||
| 040 |
_aDPL _bUR |
||
| 082 |
_aک _bو ر م |
||
| 100 |
_aورما، دیانند _914097 |
||
| 245 |
_aاصلی نقلی چہرے ; _c دیانند ورما _bافسانے، ناول / |
||
| 246 |
_aAsali naqli chehre : afsane, novel / _bby Dayanad Varma |
||
| 260 |
_aلاہور _bنگار شات _c1998 |
||
| 270 |
_bلاہور _aمیں چیمبرس ، ٣ ٹیمپل روڈ |
||
| 300 |
_a182p. _c21cm(Hb) |
||
| 650 |
_aاردو ادب _9120105 |
||
| 650 |
_aاردو افسانے _9120106 |
||
| 650 |
_aUrdu literature _9120107 |
||
| 650 |
_aUrdu stories _9120108 |
||
| 942 |
_2ddc _cUR _hک _mو ر م |
||
| 999 |
_c107563 _d107563 |
||